header

The bridges of Vietnam (Record no. 6241)

MARC details
000 -LEADER
fixed length control field 01327nam a22003134a 4500
001 - CONTROL NUMBER
control field ebr5006908
003 - CONTROL NUMBER IDENTIFIER
control field CaPaEBR
006 - FIXED-LENGTH DATA ELEMENTS--ADDITIONAL MATERIAL CHARACTERISTICS--GENERAL INFORMATION
fixed length control field m u
007 - PHYSICAL DESCRIPTION FIXED FIELD--GENERAL INFORMATION
fixed length control field cr cn|||||||||
008 - FIXED-LENGTH DATA ELEMENTS--GENERAL INFORMATION
fixed length control field 000308s2000 txuab sb 001 0deng
010 ## - LIBRARY OF CONGRESS CONTROL NUMBER
Canceled/invalid LC control number 00028678
020 ## - INTERNATIONAL STANDARD BOOK NUMBER
Cancelled/invalid ISBN 1574411233 (cloth : alk. paper)
040 ## - CATALOGING SOURCE
Original cataloging agency CaPaEBR
Transcribing agency CaPaEBR
035 ## - SYSTEM CONTROL NUMBER
System control number (OCoLC)50321448
050 14 - LIBRARY OF CONGRESS CALL NUMBER
Classification number DS559.5
Item number .E28 2000eb
082 04 - DEWEY DECIMAL CLASSIFICATION NUMBER
Classification number 959.704/38
-- B
Edition number 21
100 1# - MAIN ENTRY--PERSONAL NAME
Personal name Edwards, Fred.
245 14 - TITLE STATEMENT
Title The bridges of Vietnam
Medium [electronic resource] :
Remainder of title from the journals of U.S. Marine intelligence officer /
Statement of responsibility, etc by Fred L. Edwards, Jr.
260 ## - PUBLICATION, DISTRIBUTION, ETC. (IMPRINT)
Place of publication, distribution, etc Denton, Tex. :
Name of publisher, distributor, etc University of North Texas Press,
Date of publication, distribution, etc c2000.
300 ## - PHYSICAL DESCRIPTION
Extent xv, 273 p. :
Other physical details ill., maps.
504 ## - BIBLIOGRAPHY, ETC. NOTE
Bibliography, etc Includes bibliographical references (p. 260-261) and index.
533 ## - REPRODUCTION NOTE
Type of reproduction Electronic reproduction.
Place of reproduction Palo Alto, Calif. :
Agency responsible for reproduction ebrary,
Date of reproduction 2013.
Note about reproduction Available via World Wide Web.
-- Access may be limited to ebrary affiliated libraries.
600 10 - SUBJECT ADDED ENTRY--PERSONAL NAME
Personal name Edwards, Fred
Form subdivision Diaries.
610 10 - SUBJECT ADDED ENTRY--CORPORATE NAME
Corporate name or jurisdiction name as entry element United States.
Subordinate unit Marine Corps
Form subdivision Biography.
650 #0 - SUBJECT ADDED ENTRY--TOPICAL TERM
Topical term or geographic name as entry element Vietnam War, 1961-1975
Form subdivision Personal narratives, American.
655 #7 - INDEX TERM--GENRE/FORM
Genre/form data or focus term Electronic books.
Source of term local
710 2# - ADDED ENTRY--CORPORATE NAME
Corporate name or jurisdiction name as entry element ebrary, Inc.
856 40 - ELECTRONIC LOCATION AND ACCESS
Uniform Resource Identifier <a href="http://site.ebrary.com/lib/rucke/Doc?id=5006908">http://site.ebrary.com/lib/rucke/Doc?id=5006908</a>
Public note An electronic book accessible through the World Wide Web; click to view

No items available.

© 2026 Rongo University
Contact us: librarian | system librarian | Rongo university